01454nam a22003737a 4500003000500000005001700005008004100022010001000063011001000073035001000083040000900093090001000102100003000112245014400142260004000286300001000326502008700336590003700423590004100460590004100501590004100542590004100583590004200624650004200666650003500708650003400743901000700777942001000784949004600794949005200840949004300892999001700935952012800952CHAP20220329141202.0971010s1985 r 00010 d a64014 a64986 a71141 cCHAP aTesis00aOrozco Cruz, Isai.983668 aUtilización de la cáscara de limón (Citrus aurantifolia, Swingle) ensilada como fuente energética para toretes en engorda intensiva aChapingo, Méx. :bEl autor,c1985 a65 h. aTesis (UACH. Ing. Agrónomo Esp. en Zootecnia) -- UACH. Departamento de Zootecnia aALEPHb10c20130110lUCH01h1348 aBATCH-UPDb10c20130110lUCH01h0334 aBATCH-UPDb10c20130110lUCH01h1726 aBATCH-UPDb10c20130410lUCH01h0007 aBATCH-UPDb10c20130914lUCH01h1524 aCONVERSIONb10c20130109lUCH01h133514aGanado vacunoxAlimentación.94542914aGanado vacunoxEngorda.94546114aLimónxSubproductos.966849 aBK cTESIS aO317bZcTESBDd-3740eTS1h531i71141si aO317bZcTESBDd-83928eTS2fc.2h532i71141si bBCcTESd-149098eTS1h17374i71141si c64014d64014 00102local4051708TESISaBCbBCcPA_TESISd2019-12-31fTESISl0oTesisp-149098r2019-12-31 00:00:00w2019-12-31yTESIS